| 000 | 00448nam a2200193Ia 4500 | ||
|---|---|---|---|
| 003 | LK-CoDNM | ||
| 005 | 20240913110906.0 | ||
| 008 | 010623t xxu||||| |||| 00| 1 eng d | ||
| 040 |
_aLK-CoDNM _dLK-CoDNM _eLK-CoDNM |
||
| 041 | _aeng | ||
| 080 |
_a14 _bC31.1 |
||
| 100 | _aVandort,E.F. | ||
| 245 | _aGuide to Colombo 1920-21 | ||
| 260 | _aColombo | ||
| 300 | _b58p. : ill , 5maps ; 14 cm | ||
| 650 | _aCoins | ||
| 650 | _aFort | ||
| 942 | _cBK | ||
| 999 |
_c134526 _d134526 |
||